000 00635cab a22001935a 4500
001 L146626
008 090210e20090130xxk f 000 0 eng d
035 _a(Sirsi) u146626
041 0 _aeng
100 1 _aLever, Jon
245 0 0 _aAPC advice
260 _c2009
490 0 _aProperty Week
_v75(5) 30 January 2009, 50(1)
520 _aDescribes and discusses the RICS UK APC updated and improved submission templates published December 2008 at www.rics.org/apc.
590 _aKA
651 4 _aUnited Kingdom
_y
690 _aCAREERS, EDUCATION AND TRAINING-QUALIFICATION ROUTES-ASSESSMENT OF PROFESSIONAL COMPETENCE
942 _n0
999 _c81207
_d81207